| 000 | 00585nam a2200181Ia 4500 | ||
|---|---|---|---|
| 008 | 090630s9999 xx 000 0 und d | ||
| 082 | _b23221 | ||
| 100 | _aकणेकर शिरिष. | ||
| 245 |
_aएकला बोलो रे. _cकणेकर शिरिष. |
||
| 260 | _bमॅजेस्टीक. | ||
| 300 | _a198 | ||
| 600 | _aकणेकर शिरिष. | ||
| 630 | _aएकला बोलो रे. | ||
| 655 | _aलघुकथा. | ||
| 700 | _aकणेकर शिरिष. | ||
| 730 | _aएकला बोलो रे. | ||
| 942 | _cBOOK | ||
| 999 |
_c275077 _d275077 |
||